Países más poblados - ¡Muerte súbita! - Estadísticas

Estadísticas generales
  • Esta prueba ha sido intentada 7.389 veces
  • La puntuación promedio es 10 de 24
Answers on the Grid
Answers color-coded by a green-red scale on the quiz's grid according to % correct below.
Alemania
Angola
Australia
Bangladesh
Brasil
Canadá
China
Corea del Sur
Egipto
España
Estados Unidos
Etiopía
Filipinas
Francia
Haití
India
Indonesia
Irak
Irán
Japón
Malasia
México
Nigeria
Pakistán
Perú
Polonia
Reino Unido
República Democrática del Congo
Rusia
Somalia
Sudáfrica
Suecia
Tailandia
Tanzania
Turquía
Ucrania
Uganda
Uzbekistán
Vietnam
Yemen
 
Estadísticas de respuestas
Respuesta % Correcto
1422 M China
77%
352 M Estados Unidos
75%
1470 M India
70%
213 M Brasil
69%
177 M Bangladesh
55%
144 M Rusia
55%
132 M México
54%
123 M Japón
53%
287 M Indonesia
50%
240 M Nigeria
44%
257 M Pakistán
43%
83,7 M Alemania
42%
119 M Egipto
39%
117 M Filipinas
37%
115 M República Democrática del Congo
37%
137 M Etiopía
33%
87,8 M Turquía
33%
92,8 M Irán
30%
102 M Vietnam
30%
71,6 M Tailandia
29%
70,3 M Reino Unido
26%
69,3 M Francia
23%
65,1 M Sudáfrica
19%
71,6 M Tanzania
14%
No se encontraron pruebas coincidentes
Distribución de puntuación
Porcentaje de gente con cada puntuación
Porcentaje por número respondido
Historial de tus puntuaciones
No has intentado esta prueba.